000
00312nam a22001457a 4500
020
_q
PB.
040
_c
FIZZA ISHAQ
082
_a
005.8
_b
CHU
100
_a
EASTTOM,CHUCK.
_9
89229
245
_a
COMPUTER SECURITY /
250
_a
4th ED.
260
_a
CRC,LLC ;
_c
2020.
300
_a
485 P. ;
942
_2
ddc
_c
BK
999
_c
588034
_d
588034